| 000 | 01348cam a22003497a 4500 | ||
|---|---|---|---|
| 003 | CHAP | ||
| 005 | 20220329140204.0 | ||
| 008 | 971013s1980 mx a r 00010 spa d | ||
| 010 | _a48293 | ||
| 011 | _a49265 | ||
| 035 | _a53413 | ||
| 040 | _cCHAP | ||
| 090 | _aTesis | ||
| 100 | 0 | 0 |
_aVázquez Sánchez, Antonio. _9120521 |
| 245 | 1 | 0 |
_aAdopción de tecnologías agrícolas por los trabajadores de campo _b: estudio de caso en el Colegio de Postgraduados _c/por Antonio Vázquez Sánchez |
| 260 |
_aChapingo, Méx. : _bEl autor, _c1980 |
||
| 300 |
_a139 h. _bgráfs. |
||
| 502 | _aTesis (M.C. Esp. en Divulgación Agrícola) -- Colegio de Postgraduados. Centro de Estudios del Desarrollo Rural | ||
| 590 |
_aALEPH _b10 _c20130110 _lUCH01 _h1319 |
||
| 590 |
_aBATCH-UPD _b10 _c20130110 _lUCH01 _h2014 |
||
| 590 |
_aBATCH-UPD _b10 _c20130410 _lUCH01 _h1332 |
||
| 590 |
_aBATCH-UPD _b10 _c20130914 _lUCH01 _h2121 |
||
| 590 |
_aCONVERSION _b10 _c20130109 _lUCH01 _h1326 |
||
| 650 | 1 | 4 |
_aAgricultura _xInnovaciones tecnológicas. _91565 |
| 650 | 1 | 4 |
_aAgricultura _xTrabajadores _xEducacion. _91856 |
| 650 | 1 | 4 |
_aAgricultura _xTrabajadores _xMexico (Edo.) _91868 |
| 901 | _aBK | ||
| 942 | _cFOLL | ||
| 949 |
_bBC _cTES _d-118458 _eTS1 _i53413 _si |
||
| 949 |
_bBC _cTES _d33724000694683 _eTS2 _fc.2 _i53413 _sb |
||
| 949 |
_bBC _cTES _d33724000694691 _eTS2 _fc.3 _i53413 _sb |
||
| 999 |
_c48293 _d48293 |
||